000 01014cad a22001935a 4500
001 L155206
008 120312e2012 xxk 000 0 eng d
035 _a(Sirsi) u155206
041 0 _aeng
110 2 _aUnited Kingdom
_bDepartment for Communities and Local Government
_94939
245 0 0 _aRight to buy
_h[electronic resource]
260 _c2012
520 _aThe Government announced on 12 March 2012, the Right to Buy discount limit across England would be increased up to £75 000 with effect from 2 April 2012. Every additional home sold under Right to Buy will be replaced by a new home for affordable rent. Local authorities will be able to retain the receipts for replacement housing. Local authorities will be able to retain the receipts for replacement housing.
590 _aKA
651 4 _aEngland
_y886-
690 _aResidential property
_96266
856 4 0 _uhttps://www.communities.gov.uk/housing/homeownership/righttobuy/
_zView this item free of charge at www.communities.gov.uk
942 _n0
999 _c83834
_d83834